Enciclopedia de las antiguas civilizaciones

Bibliographic Details
Main Author: Grimbly, Shona
Format: Section = Libro
Language:Undetermined
Spanish
Published: España LIBSA 2005
Subjects:
LEADER 00571nam a2200217Ia 4500
008 240829s9999 xx 000 0 und d
020 |a 84-662-1045-8 
040 |a BIBLIOTECA-RUSB/ Ref 909.03 G861 
041 |a spa 
082 |a Ref 909.03 G861 
100 1 |a Grimbly, Shona 
245 1 0 |a Enciclopedia de las antiguas civilizaciones 
260 |a España  |b LIBSA  |c 2005 
300 |a 256 p. :il. 
650 7 |a ENCICLOPEDIAS ANTIGUAS CIVILIZACIONES 
650 7 |b  CICLADAS 
650 7 |c  ORIENTE MEDIO 
650 7 |d  TOLTECAS 
942 |c BK  |2 ddc 
991 |a TEXTO 
999 |c 6698